[Event "SF Essen-Katernberg  3 - SF Brackel 3"]
[Site "Verbandsliga - Gruppe 2 2018/"]
[Date "2018.11.04"]
[Round "3.6"]
[White "Riesenbeck, Juergen"]
[Black "Boehm, Malte"]
[Result "1/2-1/2"]
[WhiteElo "2008"]
[BlackElo "1985"]
[PlyCount "60"]
[EventDate "2018.??.??"]

1. Nf3 g6 2. d4 Nf6 3. g3 Bg7 4. Bg2 O-O 5. O-O c5 6. c4 cxd4 7. Nxd4 Nc6 8.
Nc3 Qb6 9. e3 d6 10. b3 Bg4 11. Qc2 Nxd4 12. exd4 Qxd4 13. Be3 Qe5 14. Rae1 Bf5
15. Qd2 Qa5 16. Bxb7 Rab8 17. Bf3 Bh3 18. Bg2 Bxg2 19. Kxg2 e6 20. Rd1 Rfd8 21.
Nd5 Qa6 22. Nxf6+ Bxf6 23. f3 d5 24. cxd5 Rxd5 25. Qf2 Rbd8 26. Rxd5 Rxd5 27.
Rc1 Qd6 28. Rc2 Bd4 29. Bxd4 Rxd4 30. Qe3 Kg7 1/2-1/2

[Event "SF Essen-Katernberg  3 - SF Brackel 3"]
[Site "Verbandsliga - Gruppe 2 2018/"]
[Date "2018.11.04"]
[Round "3.7"]
[White "Truemper, Michael"]
[Black "Gehrmann, Ulrich"]
[Result "1-0"]
[WhiteElo "1810"]
[BlackElo "1964"]
[PlyCount "53"]
[EventDate "2018.??.??"]

1. d4 Nf6 2. Bg5 d5 3. Bxf6 exf6 4. e3 c5 5. g3 Nc6 6. Bg2 cxd4 7. exd4 Qb6 8.
Qe2+ Be7 9. c3 Be6 10. Nf3 O-O 11. O-O a5 12. Ne1 Rfe8 13. Nd3 Bd6 14. Qf3 f5
15. Nd2 a4 16. Rfe1 f4 17. gxf4 Ne7 18. Nf1 Bf5 19. Re2 Bxd3 20. Qxd3 Bxf4 21.
Rae1 Qf6 22. Bxd5 Qg5+ 23. Bg2 Kf8 24. Qe4 g6 25. Ng3 Bd2 26. Rd1 Nd5 27. Qxd5
1-0

[Event "SF Essen-Katernberg  3 - SF Brackel 3"]
[Site "Verbandsliga - Gruppe 2 2018/"]
[Date "2018.11.04"]
[Round "3.8"]
[White "Sauer, Bernd"]
[Black "Czarnetzki, Reinhold"]
[Result "1-0"]
[WhiteElo "1919"]
[BlackElo "1711"]
[Annotator "Daniel"]
[PlyCount "135"]
[EventDate "2018.??.??"]

1. d4 Nf6 2. c4 g6 3. Nc3 Bg7 4. e4 d6 5. f4 O-O 6. Be2 c5 7. d5 e6 8. Nf3 exd5
9. cxd5 Re8 10. Nd2 a6 11. a4 Nbd7 12. O-O Qc7 13. Qc2 Nf8 14. Nc4 N6d7 15. e5
dxe5 16. d6 Qd8 17. f5 gxf5 18. Qxf5 Nf6 19. Qf2 Ne6 20. Qg3 Nf8 21. Bg5 Ng6
22. Rad1 h6 23. Bxf6 Bxf6 24. Rxf6 Qxf6 25. d7 Bxd7 26. Rxd7 Rab8 $11 27. a5
Qf4 28. Qxf4 Nxf4 29. Bf3 Kf8 30. Bxb7 Nd3 31. Rxd3 Rxb7 32. Rd5 Rc7 33. Nxe5
Ke7 34. Nc4 Rd8 35. Kf2 Rc6 36. Rxd8 Kxd8 37. Ne4 Ke7 38. Ke3 Ke6 39. Kd3 Kd5
40. Nc3+ Ke6 41. Ne2 Kf5 42. Ne3+ Ke5 43. Nc4+ Kf5 44. Ng3+ Kf4 45. Ne4 Kf5 46.
Ned6+ Ke6 47. Nxf7 Rc7 48. Nfe5 Rc8 49. Nf3 Rg8 50. Ne3 Rb8 51. Kc3 Rb5 52. Nc4
Kd5 53. Nfd2 Rb8 54. b3 Rf8 55. Ne3+ Kc6 56. Nf3 Rf4 57. Ne5+ Kb5 58. N5c4 Rh4
59. h3 Rh5 60. Nd6+ Kc6 61. Ndc4 Rg5 62. g4 h5 63. h4 Rg8 64. g5 Rf8 65. Ne5+
Kb5 66. g6 Kxa5 67. g7 Rg8 68. Nf5 1-0

[Event "SF Essen-Werden 1 - SV Hamm 1"]
[Site "Verbandsliga - Gruppe 2 2018/"]
[Date "2018.11.04"]
[Round "3.1"]
[White "Spyrou, Emmanouil"]
[Black "Kaufeld, JÃ¼rgen"]
[Result "1/2-1/2"]
[WhiteElo "2149"]
[BlackElo "2197"]
[PlyCount "53"]
[EventDate "2018.??.??"]

1. d4 Nf6 2. c4 g6 3. Nc3 d5 4. cxd5 Nxd5 5. e4 Nxc3 6. bxc3 Bg7 7. Bc4 c5 8.
Ne2 Nc6 9. Be3 O-O 10. O-O Na5 11. Bd3 b6 12. Qd2 e5 13. dxe5 Be6 14. Rad1 Nc4
15. Bxc4 Bxc4 16. f4 Qc8 17. Rfe1 Bb5 18. Qc2 Qa6 19. Rd6 Rfe8 20. Nc1 Bf8 21.
Rd2 Ba4 22. Qd3 Qb7 23. c4 Bc6 24. Bf2 Be7 25. Qf3 Rad8 26. Rd5 b5 27. Ne2
1/2-1/2

[Event "SF Essen-Werden 1 - SV Hamm 1"]
[Site "Verbandsliga - Gruppe 2 2018/"]
[Date "2018.11.04"]
[Round "3.2"]
[White "Roth, Markus"]
[Black "Voss, Hubertus"]
[Result "1-0"]
[WhiteElo "2171"]
[BlackElo "2081"]
[PlyCount "107"]
[EventDate "2018.??.??"]

1. Nf3 Nf6 2. c4 g6 3. g3 Bg7 4. Bg2 d6 5. d4 O-O 6. Nc3 Nbd7 7. O-O c6 8. e4
Qc7 9. h3 e5 10. Be3 Re8 11. Re1 h6 12. Qd2 Kh7 13. Rad1 g5 14. Qc2 Kg8 15. c5
dxc5 16. dxc5 Nf8 17. Nd2 Be6 18. Bf1 Rad8 19. Nc4 Bxc4 20. Bxc4 Ne6 21. Kg2
Nd4 22. Qc1 Nd7 23. h4 g4 24. Bxh6 Nf3 25. Bxg7 Kxg7 26. b4 Nf8 27. Re3 Ne6 28.
Bxe6 fxe6 29. Red3 Ne1+ 30. Rxe1 Rxd3 31. Qg5+ Kf7 32. Nd1 Rg8 33. Qh5+ Kf8 34.
Ne3 Qf7 35. Qxe5 Qf3+ 36. Kg1 Rd2 37. Rf1 Ke7 38. Nf5+ Kd7 39. Nd4 Qf7 40. b5
Rc8 41. bxc6+ bxc6 42. a4 Rc7 43. Qd6+ Kc8 44. Nb5 cxb5 45. Qxd2 bxa4 46. Rd1
Rd7 47. Qe2 Rxd1+ 48. Qxd1 a3 49. Qd6 a5 50. c6 a2 51. Qa3 e5 52. Qxa5 Qb3 53.
Qa7 Qc2 54. Qb7+ 1-0

[Event "SF Essen-Werden 1 - SV Hamm 1"]
[Site "Verbandsliga - Gruppe 2 2018/"]
[Date "2018.11.04"]
[Round "3.3"]
[White "Schlaap, Ralf"]
[Black "ter Steeg, Marcus"]
[Result "1-0"]
[WhiteElo "2039"]
[BlackElo "2068"]
[PlyCount "149"]
[EventDate "2018.??.??"]

1. d4 Nf6 2. c4 g6 3. Nc3 Bg7 4. e4 O-O 5. f3 d6 6. Be3 c5 7. dxc5 dxc5 8. Qxd8
Rxd8 9. Bxc5 Nc6 10. Nge2 Nd7 11. Ba3 Nde5 12. Nf4 b6 13. Nfd5 e6 14. Nc7 Rb8
15. N7b5 Na5 16. Nd6 Ba6 17. Ncb5 Nexc4 18. Nxc4 Bxb5 19. Nxa5 bxa5 20. Bxb5
Rxb5 21. Ke2 Bxb2 22. Rab1 Rdb8 23. Bd6 R8b7 24. Rhd1 e5 25. Rd3 Bd4 26. Rxb5
Rxb5 27. Rd2 Kg7 28. Kd3 Kf6 29. Rc2 Ke6 30. Ba3 Kd7 31. h3 h5 32. f4 f6 33. g4
h4 34. f5 gxf5 35. gxf5 Rb1 36. Bc1 Kd6 37. Ba3+ Kd7 38. Bc1 a6 39. Ke2 Rb4 40.
Ba3 Rb1 41. Bc1 a4 42. Kf3 a3 43. Kg4 Rb2 44. Rd2 Rb1 45. Bxa3 Re1 46. Kxh4
Rxe4+ 47. Kh5 Re3 48. Bc5 Rxh3+ 49. Kg6 Rh4 50. Kxf6 Kc6 51. Bxd4 Rxd4 52. Re2
Kc5 53. Kxe5 Rd8 54. Rc2+ Kb4 55. f6 Re8+ 56. Kf5 Re1 57. Rf2 Re8 58. f7 Rd8
59. Ke6 Ka3 60. Ke7 Rb8 61. f8=Q Rxf8 62. Kxf8 a5 63. Rc2 a4 64. Ke7 Kb4 65.
Ke6 Ka3 66. Ke5 Kb4 67. Ke4 Ka3 68. Ke3 Kb4 69. Kd2 Ka3 70. Kc1 Kb4 71. Kb2 a3+
72. Kc1 Kb5 73. Rc3 Kb4 74. Rb3+ Ka4 75. Kc2 1-0

[Event "SF Essen-Werden 1 - SV Hamm 1"]
[Site "Verbandsliga - Gruppe 2 2018/"]
[Date "2018.11.04"]
[Round "3.4"]
[White "Berger, Konstantin"]
[Black "Dukic, Dalibor"]
[Result "1/2-1/2"]
[WhiteElo "2059"]
[BlackElo "2030"]
[PlyCount "87"]
[EventDate "2018.??.??"]

1. e4 d6 2. d4 Nf6 3. Nc3 g6 4. f4 Bg7 5. Nf3 O-O 6. Bc4 c5 7. d5 b5 8. Nxb5
Nxe4 9. O-O Nd7 10. Qe1 Nef6 11. Bd2 Nb6 12. Ba5 Bb7 13. Nc3 Qd7 14. Bb5 Qc7
15. Rd1 c4 16. Kh1 Rfc8 17. Ng5 Qd8 18. Qe2 Rc5 19. Bxb6 axb6 20. Bxc4 b5 21.
Bb3 b4 22. Nce4 Ba6 23. Qf2 Bxf1 24. Nxc5 dxc5 25. Qxf1 h6 26. Nf3 Ne4 27. Qe2
Nd6 28. Ne5 Qc7 29. c4 Nf5 30. Nc6 Kf8 31. Re1 Bf6 32. Qe4 h5 33. g3 Qd6 34.
Re2 Qc7 35. Kg2 Qd7 36. Qb1 Nd4 37. Nxd4 Bxd4 38. Bd1 h4 39. b3 hxg3 40. hxg3
Kg7 41. Qe4 Rh8 42. f5 Bf6 43. Bc2 gxf5 44. Qxf5 1/2-1/2

[Event "SF Essen-Werden 1 - SV Hamm 1"]
[Site "Verbandsliga - Gruppe 2 2018/"]
[Date "2018.11.04"]
[Round "3.5"]
[White "Hufelschulte, Norbert"]
[Black "Claussen, Uwe"]
[Result "1/2-1/2"]
[WhiteElo "2013"]
[BlackElo "2005"]
[PlyCount "22"]
[EventDate "2018.??.??"]

1. d4 Nf6 2. Nf3 g6 3. Nbd2 d5 4. e3 Bg7 5. Bd3 O-O 6. O-O Bg4 7. h3 Bxf3 8.
Nxf3 Nbd7 9. b3 c6 10. Bb2 Ne4 11. c4 e6 1/2-1/2

[Event "SF Essen-Werden 1 - SV Hamm 1"]
[Site "Verbandsliga - Gruppe 2 2018/"]
[Date "2018.11.04"]
[Round "3.6"]
[White "HÃ¼tte, Stefan"]
[Black "Vierbuchen, Joachim"]
[Result "1-0"]
[WhiteElo "2041"]
[BlackElo "1908"]
[PlyCount "65"]
[EventDate "2018.??.??"]

1. d4 g6 2. e4 Bg7 3. Nf3 d6 4. Nc3 a6 5. Be3 Nd7 6. Bd3 c5 7. O-O e6 8. a4 b6
9. Re1 Bb7 10. d5 e5 11. Qd2 h6 12. g3 Ne7 13. Nh4 g5 14. Ng2 Ng6 15. Qc1 Rc8
16. Bd2 Nf6 17. Ne3 Ne7 18. Qd1 Rb8 19. Qe2 Ra8 20. a5 Bc8 21. axb6 Qxb6 22.
Nc4 Qc7 23. Na4 Rb8 24. Ba5 Qd7 25. Nab6 Qa7 26. Nxd6+ Kf8 27. Ndc4 Bh3 28. Qe3
Nd7 29. Nxd7+ Bxd7 30. Bc3 Ng6 31. Nd6 Bf6 32. Rxa6 Qc7 33. Ba5 1-0

[Event "SF Essen-Werden 1 - SV Hamm 1"]
[Site "Verbandsliga - Gruppe 2 2018/"]
[Date "2018.11.04"]
[Round "3.7"]
[White "WÃ¶rtler, Lars-Erik"]
[Black "Rehfeldt, Jens"]
[Result "0-1"]
[WhiteElo "1869"]
[BlackElo "1924"]
[PlyCount "120"]
[EventDate "2018.??.??"]

1. d4 d5 2. Bf4 Nc6 3. e3 Nf6 4. Nc3 a6 5. a3 Bf5 6. Bd3 Bg6 7. Nf3 e6 8. Ne5
Nxe5 9. Bxe5 Nd7 10. Bg3 c5 11. O-O Be7 12. Qd2 Rc8 13. Rfd1 O-O 14. Ne2 Qb6
15. c3 Bxd3 16. Qxd3 Bf6 17. b4 cxb4 18. cxb4 Rc4 19. Rac1 Rfc8 20. Rc3 Rxc3
21. Nxc3 Qc6 22. Ne2 Nb6 23. h3 Qc2 24. Rd2 Qxd3 25. Rxd3 Rc2 26. Kf1 Nc4 27.
Ke1 Be7 28. Rb3 Ra2 29. Nc3 Rxa3 30. Rxa3 Nxa3 31. Na2 Nc2+ 32. Kd2 Nxb4 33.
Nxb4 Bxb4+ 34. Kc2 b5 35. Bc7 Kf8 36. Kb3 Be1 37. f3 Ke7 38. e4 Kd7 39. Bb6 Kc6
40. Bc5 a5 41. Ka3 Bf2 42. Kb3 g6 43. Ka3 e5 44. exd5+ Kxd5 45. Bb6 Be1 46.
dxe5 Kxe5 47. Be3 Kd5 48. Kb3 a4+ 49. Ka3 Kc4 50. Bg5 Bb4+ 51. Ka2 Bc5 52. Bf6
b4 53. Bg7 b3+ 54. Kb1 a3 55. Bf6 Kd3 56. f4 Ke4 57. Be5 g5 58. g3 gxf4 59.
gxf4 h5 60. Bf6 Kxf4 0-1

[Event "SF Essen-Werden 1 - SV Hamm 1"]
[Site "Verbandsliga - Gruppe 2 2018/"]
[Date "2018.11.04"]
[Round "3.8"]
[White "Gockel, Mirco"]
[Black "Brieger, Sebastian"]
[Result "1-0"]
[WhiteElo "1921"]
[BlackElo "1762"]
[PlyCount "59"]
[EventDate "2018.??.??"]

1. c4 c6 2. d4 d5 3. Nf3 Nf6 4. Bg5 Ne4 5. Bf4 a6 6. e3 Nd7 7. Bd3 Ndf6 8. O-O
Bg4 9. Qb3 b5 10. cxd5 cxd5 11. Ne5 Bf5 12. g4 Be6 13. a4 g5 14. Bxg5 Nxg5 15.
f4 Nh3+ 16. Kh1 Nxg4 17. Nxg4 Bxg4 18. axb5 Rb8 19. f5 Rg8 20. Nc3 e6 21. Qa4
Bd6 22. bxa6+ Ke7 23. f6+ Kf8 24. a7 Rxb2 25. Bc2 Rxc2 26. Qxc2 Qa8 27. Nb5 Bf5
28. Rxf5 exf5 29. Nxd6 Rg6 30. Qxf5 1-0

[Event "Sport Union Annen 1 - Rochade Steele/Kr"]
[Site "Verbandsklasse - Gruppe 1 201"]
[Date "2018.11.04"]
[Round "3.1"]
[White "Ophoven, Hermann"]
[Black "Mainka, Gregor"]
[Result "1/2-1/2"]
[WhiteElo "1718"]
[BlackElo "2187"]
[PlyCount "35"]
[EventDate "2018.??.??"]

1. c4 e5 2. Nc3 Bb4 3. Nd5 Bc5 4. Nf3 c6 5. Nc3 d6 6. d4 exd4 7. Nxd4 Nf6 8. e3
O-O 9. Be2 d5 10. O-O dxc4 11. Bxc4 Nbd7 12. Nf3 Qc7 13. Qc2 Ne5 14. Be2 Nxf3+
15. Bxf3 Ng4 16. g3 Ne5 17. Bg2 h6 18. b3 1/2-1/2

[Event "Sport Union Annen 1 - Rochade Steele/Kr"]
[Site "Verbandsklasse - Gruppe 1 201"]
[Date "2018.11.04"]
[Round "3.2"]
[White "Wicht, Juergen"]
[Black "Struschka, Andreas"]
[Result "1-0"]
[WhiteElo "2001"]
[BlackElo "1922"]
[Annotator "Daniel"]
[PlyCount "51"]
[EventDate "2018.??.??"]

1. d4 g6 2. c4 Bg7 3. Nc3 c5 4. d5 Bxc3+ 5. bxc3 f5 6. h4 Nf6 7. h5 Rg8 8. hxg6
hxg6 9. d6 Qa5 10. dxe7 Qxc3+ 11. Bd2 Qxc4 12. Rc1 Qe6 13. Rxc5 Na6 14. Rc3 Ne4
$11 15. Re3 Qxa2 16. f3 Qxd2+ 17. Qxd2 Nxd2 18. Kxd2 d5 19. Rh7 Bd7 20. Nh3 Rc8
21. Nf4 Nc7 22. Re5 d4 23. e3 dxe3+ 24. Kxe3 b5 25. Bd3 Na6 26. Nd5 1-0

[Event "Sport Union Annen 1 - Rochade Steele/Kr"]
[Site "Verbandsklasse - Gruppe 1 201"]
[Date "2018.11.04"]
[Round "3.3"]
[White "Hilse, Dieter"]
[Black "Sondermann, Dirk"]
[Result "1/2-1/2"]
[WhiteElo "1678"]
[BlackElo "1844"]
[PlyCount "111"]
[EventDate "2018.??.??"]

1. d4 f5 2. c4 Nf6 3. Nf3 g6 4. Nc3 d6 5. Bg5 Nbd7 6. Bxf6 Nxf6 7. e3 Bg7 8.
Bd3 O-O 9. O-O c6 10. Ne2 Qe8 11. Qc2 e5 12. dxe5 dxe5 13. e4 fxe4 14. Bxe4 Bg4
15. Ne1 Bxe2 16. Qxe2 Nxe4 17. Qxe4 Rf4 18. Qe2 Rd8 19. Nc2 Qf7 20. b3 Qc7 21.
Rad1 Rdf8 22. g3 R4f7 23. Qd2 Qb6 24. Ne3 Bh6 25. Rde1 Bg5 26. Qe2 h5 27. Ng2
Bf6 28. Qe3 Qxe3 29. Rxe3 Rd7 30. Re2 Rfd8 31. Ne3 Kg7 32. Kg2 Rd2 33. Rfe1
Rxe2 34. Rxe2 Rd3 35. Nf1 Rd7 36. Rd2 Rxd2 37. Nxd2 Be7 38. Ne4 Kf7 39. Kf3 Ke6
40. Ke3 g5 41. h3 g4 42. hxg4 hxg4 43. f3 Kf5 44. Ke2 Bb4 45. Nf2 gxf3+ 46.
Kxf3 Bc5 47. g4+ Ke6 48. Nd3 Bd6 49. Ke4 Kf6 50. Kf3 Be7 51. Ke4 Bd6 52. Nf2
Ke6 53. Kf3 Be7 54. Nh3 Kd6 55. b4 a5 56. a3 1/2-1/2

[Event "Sport Union Annen 1 - Rochade Steele/Kr"]
[Site "Verbandsklasse - Gruppe 1 201"]
[Date "2018.11.04"]
[Round "3.4"]
[White "McAdam, Mark"]
[Black "Jacob, Donald"]
[Result "1-0"]
[WhiteElo "1978"]
[BlackElo "1572"]
[PlyCount "67"]
[EventDate "2018.??.??"]

1. d4 d5 2. Nf3 Bf5 3. c4 c6 4. Nc3 Nf6 5. g3 dxc4 6. Bg2 g6 7. Ne5 Be6 8. O-O
h5 9. e4 Bg7 10. f4 Bg4 11. Qd2 Bc8 12. Nxc4 Nbd7 13. Ne3 Nb6 14. f5 Qc7 15. e5
Ng4 16. fxg6 fxg6 17. Qc2 Bf5 18. Nxf5 gxf5 19. Qxf5 Kd8 20. h3 Nh6 21. Qg6 e6
22. Qxe6 Qd7 23. Bg5+ Kc7 24. Qxd7+ Kxd7 25. Ne4 Raf8 26. Nc5+ Kc8 27. Ne6
Rxf1+ 28. Rxf1 Rg8 29. Nxg7 Rxg7 30. Bxh6 Rxg3 31. Rf7 Nd5 32. Kf2 Rg6 33. Bxd5
Rxh6 34. Be4 1-0

[Event "Sport Union Annen 1 - Rochade Steele/Kr"]
[Site "Verbandsklasse - Gruppe 1 201"]
[Date "2018.11.04"]
[Round "3.5"]
[White "Niemann, Walter"]
[Black "Hartung, Thomas"]
[Result "0-1"]
[WhiteElo "1714"]
[BlackElo "1922"]
[Annotator "Daniel"]
[PlyCount "64"]
[EventDate "2018.??.??"]

1. d4 Nf6 2. Nf3 g6 3. c4 c5 4. d5 b5 5. cxb5 a6 6. Nc3 axb5 7. Qc2 Bg7 8. e3
b4 9. Nd1 Qa5 10. Bc4 d6 11. Nd2 Bf5 12. Qb3 O-O 13. f3 Bd7 14. O-O Re8 15. Qd3
Qc7 16. Nf2 e6 17. dxe6 Bxe6 18. Bxe6 fxe6 19. Qc2 Nc6 20. Nde4 Na5 21. Bd2 $11
Reb8 22. a3 b3 23. Qd3 Nxe4 24. Qxe4 Bxb2 25. Qxe6+ Qf7 26. Qxd6 Rd8 27. Qxd8+
Rxd8 28. Bxa5 Ra8 29. Rab1 Rxa5 30. Rxb2 Rxa3 31. Nd3 c4 32. Ne5 Qd5 0-1

[Event "Sport Union Annen 1 - Rochade Steele/Kr"]
[Site "Verbandsklasse - Gruppe 1 201"]
[Date "2018.11.04"]
[Round "3.6"]
[White "Herrmann, Uwe"]
[Black "Abdullah, Abdullah"]
[Result "1-0"]
[WhiteElo "1886"]
[BlackElo "1697"]
[PlyCount "105"]
[EventDate "2018.??.??"]

1. d4 c6 2. c4 d5 3. Nc3 Nf6 4. Nf3 e6 5. Bg5 Bb4 6. a3 Bxc3+ 7. bxc3 Qa5 8.
Qc2 Ne4 9. Bd2 Nd7 10. e3 Ndf6 11. Bd3 O-O 12. O-O a6 13. Be1 Nd6 14. c5 Nde8
15. Ng5 h6 16. Nf3 Qd8 17. Ne5 Nd7 18. Nxd7 Bxd7 19. Rb1 Rb8 20. f3 b5 21. cxb6
Rxb6 22. Bg3 Nf6 23. Bd6 Re8 24. Rxb6 Qxb6 25. Rb1 Qa7 26. Qa4 a5 27. Bc5 Qa8
28. Rb6 Rb8 29. Rxb8+ Qxb8 30. Qxa5 Qb2 31. Qd8+ Be8 32. Qe7 Qc1+ 33. Kf2 Qd2+
34. Be2 Bd7 35. Qf8+ Kh7 36. Be7 Kg6 37. Bxf6 Kxf6 38. Qd8+ Kg6 39. Qxd7 Qxc3
40. Qa7 e5 41. a4 exd4 42. Qxd4 Qa5 43. Bd3+ f5 44. g4 Qd2+ 45. Be2 Qxd4 46.
gxf5+ Kxf5 47. exd4 Ke6 48. a5 Kd7 49. a6 Kc7 50. Ke3 Kb6 51. Kf4 g6 52. Ke5 g5
53. Kf5 1-0

[Event "Sport Union Annen 1 - Rochade Steele/Kr"]
[Site "Verbandsklasse - Gruppe 1 201"]
[Date "2018.11.04"]
[Round "3.7"]
[White "Kleeberg, Stefan"]
[Black "Al Ali, Mohammad"]
[Result "0-1"]
[WhiteElo "1554"]
[BlackElo "1768"]
[PlyCount "78"]
[EventDate "2018.??.??"]

1. d4 g6 2. c4 Bg7 3. Nc3 d6 4. e4 Nc6 5. Be3 f5 6. d5 Ne5 7. Qc2 fxe4 8. Nxe4
Bf5 9. Qa4+ c6 10. f3 Bxe4 11. fxe4 Nf6 12. Qc2 Nfg4 13. Bd4 O-O 14. Nh3 c5 15.
Bxe5 Bxe5 16. g3 Bd4 17. Be2 Ne3 18. Qd2 Ng2+ 19. Kd1 Qd7 20. Ng1 Qa4+ 21. b3
Qa3 22. Rb1 Be3 23. Qb2 Qb4 24. Nf3 Bh6 25. Nd2 Bg7 26. Qc1 Ne3+ 27. Ke1 Bc3
28. a3 Qa5 29. b4 Ng2+ 30. Kd1 Qa4+ 31. Nb3 cxb4 32. axb4 Bxb4 33. Kc2 Rf2 34.
Kd3 Raf8 35. Nd4 Qa2 36. Rxb4 Rxe2 37. Nxe2 Rf3+ 38. Kd4 Qxe2 39. c5 Qd3# 0-1

[Event "Sport Union Annen 1 - Rochade Steele/Kr"]
[Site "Verbandsklasse - Gruppe 1 201"]
[Date "2018.11.04"]
[Round "3.8"]
[White "Jeschke, Holger"]
[Black "Peters, Guenter"]
[Result "1-0"]
[WhiteElo "1892"]
[BlackElo "1690"]
[PlyCount "43"]
[EventDate "2018.??.??"]

1. b4 d5 2. Bb2 Nf6 3. e3 e6 4. a3 Be7 5. f4 O-O 6. Nf3 Nbd7 7. Be2 c5 8. bxc5
Bxc5 9. d4 Be7 10. Nbd2 b6 11. Bd3 Bb7 12. O-O Rc8 13. Rc1 g6 14. Qe2 Re8 15.
c4 Bf8 16. Ne5 Ne4 17. cxd5 exd5 18. Rxc8 Qxc8 19. Rc1 Qd8 20. Nxd7 Nxd2 21.
Nxf8 Rxf8 22. Qxd2 1-0

[Event "SC Werl 1981 1 - SV Günnigfeld 1"]
[Site "Verbandsklasse - Gruppe 1 201"]
[Date "2018.11.04"]
[Round "3.1"]
[White "Freisen, Thomas"]
[Black "Schwarzkopf, Christian"]
[Result "1/2-1/2"]
[WhiteElo "1973"]
[BlackElo "2041"]
[Annotator "Daniel"]
[PlyCount "58"]
[EventDate "2018.??.??"]

1. d4 Nf6 2. c4 e6 3. Nf3 b6 4. g3 Bb4+ 5. Bd2 Bxd2+ 6. Qxd2 Ba6 7. b3 c6 8.
Bg2 O-O 9. O-O d5 10. Ne5 Nfd7 11. Nxd7 Nxd7 12. cxd5 exd5 13. Rc1 Bb7 14. Nc3
Nf6 15. Qf4 Qe7 16. Bh3 Rfd8 17. Rd1 h6 18. Bf5 b5 19. Rd2 Qd6 20. Qxd6 $11
Rxd6 21. Rc1 g6 22. Bh3 a6 23. Rdc2 Kf8 24. e3 Ke7 25. Ne2 g5 26. Bf5 Bc8 27.
Bxc8 Rxc8 28. Rd1 Nd7 29. Nc1 a5 1/2-1/2

[Event "SC Werl 1981 1 - SV Günnigfeld 1"]
[Site "Verbandsklasse - Gruppe 1 201"]
[Date "2018.11.04"]
[Round "3.2"]
[White "Stolle, Dietmar"]
[Black "Markus, Peter"]
[Result "1/2-1/2"]
[WhiteElo "2008"]
[BlackElo "1950"]
[PlyCount "38"]
[EventDate "2018.??.??"]

1. c4 e5 2. Nc3 Nf6 3. g3 c6 4. d4 d6 5. Bg2 Be7 6. e4 O-O 7. h3 Be6 8. b3 exd4
9. Qxd4 Nfd7 10. Nge2 Qb6 11. Qd2 Nc5 12. O-O Nbd7 13. Bb2 a5 14. Nd4 a4 15.
Qc2 axb3 16. axb3 Ne5 17. Rfd1 Rxa1 18. Bxa1 Ra8 19. Bb2 Bd7 1/2-1/2

[Event "SC Werl 1981 1 - SV Günnigfeld 1"]
[Site "Verbandsklasse - Gruppe 1 201"]
[Date "2018.11.04"]
[Round "3.3"]
[White "Radi, Guenter"]
[Black "Lampe, Thomas"]
[Result "1-0"]
[WhiteElo "1896"]
[BlackElo "1967"]
[PlyCount "77"]
[EventDate "2018.??.??"]

1. d4 Nf6 2. Nf3 g6 3. c4 c5 4. dxc5 Na6 5. Nc3 Nxc5 6. Be3 Ne6 7. Qc1 Ng4 8.
Bd2 Qb6 9. e3 Bg7 10. h3 Ne5 11. Be2 O-O 12. O-O Re8 13. Rb1 Nxf3+ 14. Bxf3 d6
15. Nd5 Qa6 16. a3 Rb8 17. Nb4 Qa4 18. b3 Qd7 19. Bc3 Bh6 20. Ba1 a5 21. Nd5 b6
22. Bg4 f5 23. Bf3 Ng5 24. Qc3 Rf8 25. Be2 Kf7 26. Nf4 Bb7 27. f3 Rbc8 28. Qd3
Ne6 29. Nxe6 Qxe6 30. e4 f4 31. Qd4 Rc6 32. Rfd1 Ba6 33. Rd2 a4 34. bxa4 Rb8
35. Rb4 Rc5 36. Qc3 Qd7 37. Qb3 Qc7 38. Bd4 Bg7 39. Bf2 1-0

[Event "SC Werl 1981 1 - SV Günnigfeld 1"]
[Site "Verbandsklasse - Gruppe 1 201"]
[Date "2018.11.04"]
[Round "3.4"]
[White "Beulertz, Stefan"]
[Black "Funke, Eckhard"]
[Result "1-0"]
[WhiteElo "2007"]
[BlackElo "1817"]
[PlyCount "67"]
[EventDate "2018.??.??"]

1. e4 c5 2. Nf3 d6 3. d4 cxd4 4. Nxd4 Nf6 5. Nc3 a6 6. Rg1 e5 7. Nb3 Be6 8. g4
Nc6 9. g5 Nd7 10. h4 Be7 11. Be3 b5 12. Qf3 Nb6 13. O-O-O Qc7 14. Bxb6 Qxb6 15.
Nd5 Bxd5 16. exd5 Na5 17. Nxa5 Qxa5 18. Kb1 Qa4 19. Rg4 Qa5 20. Bd3 g6 21. Rgg1
Qd8 22. Qe3 f5 23. gxf6 Bxf6 24. h5 g5 25. Qh3 Qe7 26. h6 Kd8 27. Bf5 Kc7 28.
c4 bxc4 29. Rc1 Kd8 30. Rxc4 Qb7 31. Rc6 Be7 32. Rgc1 Bf8 33. Bc8 Rxc8 34.
Rxc8+ 1-0

[Event "SC Werl 1981 1 - SV Günnigfeld 1"]
[Site "Verbandsklasse - Gruppe 1 201"]
[Date "2018.11.04"]
[Round "3.6"]
[White "Brunberg, Ingo"]
[Black "Brinkmann, Uwe"]
[Result "1/2-1/2"]
[WhiteElo "1801"]
[BlackElo "1931"]
[PlyCount "49"]
[EventDate "2018.??.??"]

1. e4 e5 2. Nf3 d6 3. d4 Nd7 4. Bc4 c6 5. O-O Be7 6. Nc3 Ngf6 7. dxe5 dxe5 8.
h3 O-O 9. a3 h6 10. Be3 Qc7 11. Qe2 Nc5 12. Nd2 b5 13. Ba2 Ne6 14. Nf3 a5 15.
Bxe6 Bxe6 16. Nd2 Bd6 17. f3 Qe7 18. Qf2 Nd7 19. g4 Bc5 20. Ne2 Bxe3 21. Qxe3
Qc5 22. Kf2 Rfd8 23. Qxc5 Nxc5 24. Rfd1 Kf8 25. Nf1 1/2-1/2

[Event "SC Werl 1981 1 - SV Günnigfeld 1"]
[Site "Verbandsklasse - Gruppe 1 201"]
[Date "2018.11.04"]
[Round "3.7"]
[White "Brandhoff, Gerd"]
[Black "Scheibe, Andreas"]
[Result "1-0"]
[WhiteElo "1779"]
[BlackElo "1788"]
[PlyCount "81"]
[EventDate "2018.??.??"]

1. e4 c5 2. c4 d6 3. Nc3 a6 4. d3 e6 5. g3 Nf6 6. Bg2 Nc6 7. Nge2 Rb8 8. O-O b5
9. b3 Be7 10. f4 O-O 11. e5 Nd4 12. Nxd4 cxd4 13. exf6 Bxf6 14. Ne4 Be7 15.
cxb5 Rxb5 16. Rb1 Qb6 17. Nd2 e5 18. f5 Bb7 19. Be4 d5 20. Bg2 Bg5 21. a4 Ra5
22. Ba3 Bxd2 23. Qxd2 Re8 24. Qd1 Bc6 25. Rc1 e4 26. Rxc6 Qxc6 27. Bb4 Rc5 28.
Bxc5 Qxc5 29. Re1 e3 30. Qc1 Qd6 31. Qc2 Qd7 32. Bh3 Rc8 33. Qe2 Rc3 34. Qh5 f6
35. Bg2 h6 36. Qf3 Rxd3 37. Qxd5+ Qxd5 38. Bxd5+ Kf8 39. Bc4 Rc3 40. Rd1 e2 41.
Bxe2 1-0

[Event "SC Werl 1981 1 - SV Günnigfeld 1"]
[Site "Verbandsklasse - Gruppe 1 201"]
[Date "2018.11.04"]
[Round "3.8"]
[White "Zimmer, Sebastian"]
[Black "Bauer, Matthias"]
[Result "1-0"]
[WhiteElo "1653"]
[BlackElo "1550"]
[PlyCount "81"]
[EventDate "2018.??.??"]

1. e4 d5 2. exd5 Qxd5 3. Nc3 Qa5 4. d4 c6 5. Nf3 Nf6 6. Bc4 Bg4 7. h3 Bh5 8.
O-O e6 9. Bd2 Qc7 10. Qe2 Nbd7 11. d5 Bxf3 12. Qxf3 Ne5 13. Qg3 Nh5 14. Qh4
Nxc4 15. Qxc4 O-O-O 16. Qe2 Nf4 17. Bxf4 Qxf4 18. dxc6 Rd2 19. Qb5 Qc7 20.
cxb7+ Kb8 21. Rad1 Rxd1 22. Rxd1 Bd6 23. Qa6 Rd8 24. g3 Qb6 25. Qxb6 axb6 26.
Ne4 Bc7 27. Rxd8+ Bxd8 28. Nd6 f6 29. Ne8 g5 30. Ng7 e5 31. Ne6 Be7 32. f4 Bd6
33. fxg5 fxg5 34. Nxg5 Bc5+ 35. Kg2 h5 36. Kf3 Kxb7 37. Ke4 Bd4 38. b3 Bf2 39.
g4 hxg4 40. hxg4 Bd4 41. Nf3 1-0

[Event "SV Wattenscheid 3 - SV Horst-Emscher 2"]
[Site "Verbandsklasse - Gruppe 1 201"]
[Date "2018.11.04"]
[Round "3.1"]
[White "Patzer, Joerg"]
[Black "Leveikina, Jevgenija"]
[Result "1/2-1/2"]
[WhiteElo "1855"]
[BlackElo "2035"]
[Annotator "Daniel"]
[PlyCount "39"]
[EventDate "2018.??.??"]

1. f4 g6 2. Nf3 Bg7 3. e4 d5 4. e5 h5 5. d4 Nh6 6. Bd3 Bf5 7. O-O e6 8. Be3 c6
9. Na3 Nd7 10. c3 Bxd3 11. Qxd3 Nf5 12. Nc2 Nb6 13. b3 $11 Nc8 14. Rad1 Nce7
15. Bc1 Ng8 16. c4 Ngh6 17. Ba3 Bf8 18. Bxf8 Kxf8 19. c5 Kg7 20. Rb1 1/2-1/2

[Event "SV Wattenscheid 3 - SV Horst-Emscher 2"]
[Site "Verbandsklasse - Gruppe 1 201"]
[Date "2018.11.04"]
[Round "3.2"]
[White "Wolf, Ulrich"]
[Black "Laake, Reinhard"]
[Result "1-0"]
[WhiteElo "2041"]
[BlackElo "1844"]
[PlyCount "31"]
[EventDate "2018.??.??"]

1. Nf3 Nf6 2. c4 c5 3. b3 g6 4. Bb2 Bg7 5. g3 O-O 6. Bg2 Nc6 7. O-O d6 8. d4
cxd4 9. Nxd4 Bd7 10. e3 Qc8 11. Re1 Rd8 12. Nc3 a5 13. Rc1 e6 14. Nd5 Qb8 15.
Nxc6 bxc6 16. Nxf6+ 1-0